| 000 | 00963nam a2200277 4500 | ||
|---|---|---|---|
| 003 | OSt | ||
| 005 | 20240326101309.0 | ||
| 008 | 240321s2012 my ao gr 000 0 may d | ||
| 020 |
_a9789676125927 _cRM 0.00 _qpaperback |
||
| 040 |
_aPPAK _beng _cPPAK _erda |
||
| 082 | 0 | 4 |
_223 _a959.505 |
| 090 | 0 | 0 |
_a959.505 _bAZM _dG |
| 100 | 0 |
_aAzmah Abd. Manaf _eAuthor |
|
| 245 | 0 | 0 |
_aMALAYSIA : _bGERAKAN KESADARAN & NASIONALISME / _cAZMAH ABD. MANAF |
| 264 | 1 |
_aKuala Lumpur, Malaysia : _bUtusan Publications & Distributors Sdn Bhd, _c2012 |
|
| 300 |
_axi, 61 pages : _billustrations ; _c24cm. |
||
| 336 |
_atext _2rdacontent |
||
| 337 |
_aunmediated _2rdamedia |
||
| 338 |
_avolume _2rdacarrier |
||
| 490 | 1 | _aSIRI PENDIDIKAN JARAK JAUH | |
| 504 | _aBibliography : 138 - 141 pages | ||
| 650 | 1 | 0 |
_aNationalism _xHistory _zMalaysia |
| 650 | 2 | 0 |
_aMalaysia _vPolitics and government _xHistory |
| 830 | 0 | _aSIRI PENDIDIKAN JARAK JAUH | |
| 942 |
_2ddc _cB |
||
| 999 |
_c195438 _d195438 |
||